000 01984nam a22002897a 4500
999 _c21996
_d21996
003 AR-CdUCM
008 190425b ||||| |||| 00| 0 spa d
040 _aMUNICIPALIDAD PROVINCIAL DEL CUSCO
_cBIBLIOTECA MUNICIPAL DEL CUSCO
082 _aSaqsaywaman/N°6/2003
110 _aInstituto Nacional de Cultura Region Cusco
_929198
245 _aRevista Saqsaywaman :
_cInstituto Nacional de Cultura Region Cusco.
260 _aCusco.
_bINC,
_bPantigozo,
_c2003.
300 _a279 páginas. :
_bilustraciones ;
_c19 cm.
440 _aRevista Saqsaywaman.
_nN°6, 2003
_947099
505 _aContenido: Una Metodología para el estudio de la Historia de la Arqueología, un caso del Perú (1524-1900). Sergio J. Chávez F. -- Pinturas rupestres en Callacpuma Cajamarca estudio econológico preliminar. -- Lucía Medina. -- Petroglifos de Piñipampa. -- Miguel Colque Enríquez. -- Excavaciones arqueológicas en el sector Suchuna del parque arqueológico de Saqsaywaman, un bosquejo de interpretación de los contextos funerarios. Francisco Solís. -- Hallazgos en Muyumarka de Saqsaywaman, prótesis dental Inka. Percy Bonnett Medina. -- La estructura biespacial en los trece templos Inka de Raqch’i. Pedro Taca Chunga. --Contextos funerarios coloniales, una interpretación a su estudio. Richard Alegría Sánchez. -- El adobe como material constructivo de época Prehispánica. Arminda M. Gibaja Oviedo. -- Pacha Unancha: Astronomía Inka en Urubamba. Carlos Ayme Carrasco. Mereida Puma Soria. Octavio Fernández Carrasco.
650 _aArqueología cusqueña
_99322
650 _aHistoria del Cusco
_91714
650 _aInkas
_91899
650 _aMonumentos históricos
_96891
700 _aGibaja Oviedo, Arminda
_929271
700 _aColque Enríquez, Miguel
_947100
700 _aBonnett Medina, Percy
_947101
700 _aAyme Carrasco, Carlos
_947102
856 _uhttp://bvirtual.culturacusco.gob.pe/items/show/105
_zLeer en digital
942 _2ddc
_cPP
945 _arac